| 000 | 00682cam a2200241 a 4500 | ||
|---|---|---|---|
| 001 | 000009581 | ||
| 005 | 20200929161630.0 | ||
| 008 | 950609s1998 mx 000 f spa d | ||
| 020 | _a8420429147 | ||
| 040 |
_aDO-SdBNP _cDLC _dDLC |
||
| 082 |
_a863.64 _bM333m |
||
| 100 | 1 |
_aMarías, Javier, _d1951- _917831 |
|
| 245 | 1 | 0 |
_aMañana en la batalla piensa en mí / _cJavier Marías. |
| 260 |
_aMéxico : _bAlfaguara, _c1998. |
||
| 300 |
_a423 p. ; _c18 cm. |
||
| 490 | 1 |
_aAlfaguara bolsillo _v22 |
|
| 650 | 4 |
_aNovela española _91123 |
|
| 650 | 4 |
_aLiteratura española _9632 |
|
| 830 | 0 |
_aBolsillo ; _v22 _911479 |
|
| 910 | _aCatalogación derivada | ||
| 910 | _aWM | ||
| 049 | _aBNGR | ||
| 999 |
_c9341 _d9341 |
||